| 000 | 00593nam a2200181 a 4500 | ||
|---|---|---|---|
| 001 | 1085 | ||
| 005 | 20140414131948.0 | ||
| 008 | 041020s19uu xx 00 eng d | ||
| 050 |
_aTR 372.7 _bC11 1993 |
||
| 100 | _aCarson, Katherine | ||
| 245 |
_aBeginner math : _bcome and count with dinosaur with friends / _cwritten by Katherine Carson ; illustrated by Susan J. Schneck. |
||
| 260 |
_aUSA : _bLandoll, _c1993. |
||
| 300 | _a32 p. : ill. ; cm. | ||
| 440 | _aLandoll's | ||
| 650 |
_aNumber recognition _xJuvenile literature. |
||
| 650 |
_aCounting _xJuvenile literature. |
||
| 999 |
_c112730 _d112730 |
||